Lengua y procesos de escolarización de los Mapuche de Chile en el discurso gubernamental /

Este artículo aborda los procesos históricos de la lengua del pueblo indígena mapuche de Chile - mapudungun- y sus procesos de escolarización, a partir de la incorporación de este pueblo por el Estado-Nación chileno. Así, buscamos los sentidos movilizados en el discurso gubernamental cuando se habla...

Descripción completa

Detalles Bibliográficos
Autor principal: Soto, Elba
Formato: Analitica de revista
Lenguaje:inglés
Publicado: Santiago, Chile Arcis 2007
Acceso en línea:

MARC

LEADER 00000cab a2200000 a 4500
001 024626
003 UAHC_CL
005 20170817144630.0
008 120306b2006 xx j 000 1 eng
952 |0 0  |1 0  |4 0  |6 AMERICA_LATINA07_07_000000000000000  |7 0  |8 General  |9 49198  |a BC  |b BC  |c General  |d 2017-08-03  |l 0  |o AMERICA LATINA-07/07  |p FICTICIO234  |r 2019-01-08 00:00:00  |t 1  |w 2017-08-03  |y REVA 
999 |c 24626  |d 24626 
022 |a 07177097 
040 |a UAHC_CL  |c UAHC_CL  |d UAHC_CL 
100 1 |a Soto, Elba 
245 1 0 |a Lengua y procesos de escolarización de los Mapuche de Chile en el discurso gubernamental /  |c Elba Soto. 
260 |b Arcis  |a Santiago, Chile  |c 2007 
300 |a p. 45-81 
500 |a En: América Latina, n˚7, 2007. ISBN 07177097. p. 45-81. 
520 |a Este artículo aborda los procesos históricos de la lengua del pueblo indígena mapuche de Chile - mapudungun- y sus procesos de escolarización, a partir de la incorporación de este pueblo por el Estado-Nación chileno. Así, buscamos los sentidos movilizados en el discurso gubernamental cuando se habla de esos procesos históricos. Analizamos -en la óptica discursiva francesa - las leyes de educación de 1860, 1920 y la Ley Indígena nª 19253, de 1993. En este artículo mostraremos parte de los resultados de nuestra investigación, con el fin de elaborar construcciones significativas que aporten en la discusión actual sobre los procesos de la lengua mapuche y en la búsqueda de bases sólidas para la creación de espacios adecuados de Educación Intercultural Bilingüe -EIB en los procesos de escolarización en Chile. 
773 0 |t América Latina : revista del doctorado en procesos sociales y políticos en América Latina  |w 024597 
900 |a AMERICA LATINA-07/07 
942 |c REVA  |2 ddc